000
00241nam a2200097Ia 4500
008
240625s9999 xx 000 0 und d
041
_a
eng
082
_a
808.20 BHA
100
_a
BHATIA DIVYA
245
_a
ANALYSIS OF OPERATIONAL RISK USING ADVAN
999
_c
37954
_d
37954